| 000 | 00597nam a2200193Ia 4500 | ||
|---|---|---|---|
| 005 | 20250923145151.0 | ||
| 008 | 008 250917s9999 xx 000 0 eng d | ||
| 037 | _aTextual | ||
| 040 |
_aDSWL _beng _cDSWL |
||
| 041 |
_aeng _2eng |
||
| 084 |
_aY:45:61oaw.2, N69;1 _qDSWL |
||
| 100 |
_aBayley, David H. _9832457 |
||
| 245 | 0 |
_aPolice and Political Development in India _cby David H. Bayley |
|
| 260 |
_aNew York _bJersey Princton University Press _c1969 |
||
| 365 |
_aUSD _b15 |
||
| 925 | _g15 | ||
| 942 |
_cTEXL _hY:45:61oaw.2, N69;1 |
||
| 999 |
_c1447977 _d1447977 |
||